| 000 | 01798cam a2200325 a 4500 | ||
|---|---|---|---|
| 001 | 15126831 | ||
| 005 | 20090928180610.0 | ||
| 008 | 080103s2008 mdub b 001 0 eng | ||
| 020 | _a0801895790 | ||
| 020 | _a9780801895791 | ||
| 040 |
_aDLC _cDLC _dDLC |
||
| 082 | 0 | 0 |
_a320.967082 _222 _bFAL |
| 100 | 1 |
_aFallon, Kathleen M. _928825 |
|
| 245 | 1 | 0 |
_aDemocracy and the Rise of Women's Movements in Sub-Saharan Africa / _cKathleen M. Fallon. |
| 260 |
_aBaltimore : _bJohns Hopkins University Press, _c2008. |
||
| 300 |
_ax, 168 p. : _bmap ; _c24 cm. |
||
| 504 | _aIncludes bibliographical references (p. [149]-161) and index. | ||
| 505 | 0 | _aReclaiming power -- Queenmothers, colonization, and the struggle for legitimacy -- Democracy in perspective -- The iron fist -- Capturing democracy -- Big men, small girls, and the politics of power -- Women on the move. | |
| 650 | 0 |
_aWomen and democracy _zAfrica, Sub-Saharan. _928826 |
|
| 650 | 0 |
_aWomen _xPolitical activity _zAfrica, Sub-Saharan. _928827 |
|
| 650 | 0 |
_aWomen _zAfrica, Sub-Saharan _xSocial conditions. _928828 |
|
| 651 | 0 |
_aAfrica, Sub-Saharan _xPolitics and government _y1960- _928829 |
|
| 653 |
_bPol _cFebruary2012 |
||
| 856 | 4 | 1 |
_3Table of contents only _uhttp://www.loc.gov/catdir/toc/ecip087/2007052923.html |
| 856 | 4 | 2 |
_3Contributor biographical information _uhttp://www.loc.gov/catdir/enhancements/fy0829/2007052923-b.html |
| 856 | 4 | 2 |
_3Publisher description _uhttp://www.loc.gov/catdir/enhancements/fy0829/2007052923-d.html |
| 942 |
_2ddc _cBB |
||
| 999 |
_c16445 _d16445 |
||